00722nam a2200205Ia 4500003000900000008004100009020001800050040001600068080001600084110004600100245009800146260004500244300001000289650004200299650001900341650004200360942000700402999001500409952009200424IN-BaIIA211028s9999 xx 000 0 eng d a0-19-920068-8 cIIA Library a081.53bPAN aRaman Research Institute Bangalore913359 0aCollected works of pancharatnamcRaman Research Institute Bangalore  aBangalorebOxford University Pressc1975 a326p. aCollected Works-S Pancharatnam913360 aNASA Thesaurus aS Pancharatnam Collected Works913361 cBK c7923d7923 00104070aBANbBANcGENd1984-07-14l0o081.53/ PANp8746r2021-11-05w1984-07-14yBK